Human rights cases / (Record no. 876)
[ view plain ]
| 000 -LEADER | |
|---|---|
| fixed length control field | 00963cam a2200313Ma 4500 |
| 001 - CONTROL NUMBER | |
| control field | ocn271565973 |
| 003 - CONTROL NUMBER IDENTIFIER | |
| control field | OCoLC |
| 005 - DATE AND TIME OF LATEST TRANSACTION | |
| control field | 20100830025410.0 |
| 008 - FIXED-LENGTH DATA ELEMENTS--GENERAL INFORMATION | |
| fixed length control field | 051124s2007 enk 000 0 eng d |
| 015 ## - NATIONAL BIBLIOGRAPHY NUMBER | |
| National bibliography number | GBA550626 2 bnb |
| 020 ## - INTERNATIONAL STANDARD BOOK NUMBER | |
| International Standard Book Number | 1845926994 |
| 020 ## - INTERNATIONAL STANDARD BOOK NUMBER | |
| International Standard Book Number | 9781845926991 |
| 035 ## - SYSTEM CONTROL NUMBER | |
| System control number | (OCoLC)271565973 |
| 040 ## - CATALOGING SOURCE | |
| Original cataloging agency | AU@ |
| Transcribing agency | AU@ |
| 041 ## - LANGUAGE CODE | |
| Language code of text/sound track or separate title | eng |
| 043 ## - GEOGRAPHIC AREA CODE | |
| Geographic area code | e------ |
| -- | e-uk-st |
| 049 ## - LOCAL HOLDINGS (OCLC) | |
| Holding library | SZTA |
| 082 04 - DEWEY DECIMAL CLASSIFICATION NUMBER | |
| Classification number | KD4078 |
| Edition number | .B76 |
| 100 1# - MAIN ENTRY--PERSONAL NAME | |
| Personal name | Brown, Alastair N. |
| 9 (RLIN) | 1707 |
| 245 10 - TITLE STATEMENT | |
| Title | Human rights cases / |
| Statement of responsibility, etc | by Alastair N. Brown. |
| 260 ## - PUBLICATION, DISTRIBUTION, ETC. (IMPRINT) | |
| Place of publication, distribution, etc | Haywards Heath, West Sussex ; |
| -- | Edinburgh : |
| Name of publisher, distributor, etc | Tottel, |
| Date of publication, distribution, etc | 2007. |
| 300 ## - PHYSICAL DESCRIPTION | |
| Extent | xvii, 216 p. ; |
| Dimensions | 22 cm. |
| 500 ## - GENERAL NOTE | |
| General note | Originally published: 2000. |
| 650 #0 - SUBJECT ADDED ENTRY--TOPICAL TERM | |
| Topical term or geographic name as entry element | Civil rights |
| Geographic subdivision | Europe. |
| 9 (RLIN) | 1708 |
| 650 #0 - SUBJECT ADDED ENTRY--TOPICAL TERM | |
| Topical term or geographic name as entry element | Civil rights |
| Geographic subdivision | Scotland. |
| 9 (RLIN) | 1709 |
| 650 #0 - SUBJECT ADDED ENTRY--TOPICAL TERM | |
| Topical term or geographic name as entry element | Human rights |
| 9 (RLIN) | 1710 |
| 942 ## - ADDED ENTRY ELEMENTS (KOHA) | |
| Source of classification or shelving scheme | Library of Congress Classification |
| Koha item type | Books |
| Home library | Current library | Shelving location | Date acquired | Full call number | Barcode | Koha item type |
|---|---|---|---|---|---|---|
| African Court on Human and Peoples' Rights Library | African Court on Human and Peoples' Rights Library | 31/08/2010 | KD4078 .B76 | 10009361 | Books |
